000 00449nam a2200205Ia 4500
001 13807
003 GE_BSU
008 181216s||||||||xx |||||||||||||| ||und||
020 _a0099457830
040 _cGE_BSU
080 _a821.111-3
100 _aLloyd,Josie Rees,Emlyn
245 4 _aThe Three Day Rule
260 _aLondon
260 _bArrow books
260 _c2005
300 _a381p.20cm.
653 _aThe Three Day Rule
942 _cBK
999 _c46953
_d46953